000 00862nam a22002057a 4500
999 _c16482
_d16482
008 220217b ||||| |||| 00| 0 eng d
020 _a9786218219007
082 _22020
_aDFil 364.068
_bSa31
100 _aSalamanca, Bayani H., author
_943957
245 _aCriminal justice system/
_cBayahi H. Salamanca, Paulino V. Pioquinto, Matthew P. Langbis, Nestor C. Nabe, authors
260 _aZaragoza, Nueva Ecija:
_bMindshaper Publishing House,
_c©2020.
300 _aii, 219;
_c25 cm.
500 _aIncludes bibliographical references.
650 _aAdministration of criminal justice -- Textbooks.
_943958
650 _aAdministration of criminal justice -- Philippines -- Textbooks.
_943959
700 _aPioquinto, Paulino V., author
_943949
700 _aLangbis, Matthew P., author
_943960
700 _aNabe, Nestor C., author
_943886
942 _2ddc
_cDFIL